| 000 | 00584nam a22001697a 4500 | ||
|---|---|---|---|
| 003 | BD-DhUL | ||
| 005 | 20160829194933.0 | ||
| 008 | 160829s1994 b ||||| |||| 00| 0 eng d | ||
| 040 |
_cBD-DhUL _dBD-DhUL |
||
| 082 |
_a920.05492 _bHRI |
||
| 245 | 1 | 0 |
_aহৃদয়ে একাত্তর, খন্ড ২ / _cপান্না কায়সার _b |
| 260 |
_aঢাকা : _bআগামী প্রকাশনী, _c১৯৯৪. |
||
| 300 |
_aখন্ড ; _b২১ সে.মি. |
||
| 650 | _aস্মৃতিচার | ||
| 650 | _aSmrticara | ||
| 942 |
_2ddc _cBK |
||
| 999 |
_c102640 _d102640 |
||